| 000 | 00448nam a2200157Ia 4500 | ||
|---|---|---|---|
| 008 | 210716s2012 xx 000 0 und d | ||
| 020 | _a9788131516362 | ||
| 041 | _aeng | ||
| 082 | _a651.7 WILK | ||
| 100 | _aWilliams, Karen; Krizan, A C Buddy; Logan, Joyce; Merrier, Patricia. | ||
| 245 | _aCommunicating in business. | ||
| 250 | _a8 | ||
| 260 |
_aNew Delhi _bCengage Learning _c2012 |
||
| 300 | _axxiii,712 | ||
| 650 | _aBusiness Communication | ||
| 999 |
_c208778 _d208778 |
||